Lược khảo văn học : Nghiên cứu và phê bình văn học . t. III /

Zapisane w:
Opis bibliograficzny
1. autor: Nguyễn Văn Trung
Format: Sách giấy
Język:Vietnamese
Wydane: Sàigòn : Nam Sơn , 1968
Etykiety: Dodaj etykietę
Nie ma etykietki, Dołącz pierwszą etykiete!
Thư viện lưu trữ: Thư viện Trường Đại học Đà Lạt
LEADER 00633nam a2200253 4500
001 DLU020011627
005 ##5/16/2000
020 # # |a 978- 
041 # # |a vie 
082 # # |a 801.95  |b NG-T 
090 # # |a 801.95  |b NG-T 
100 # # |a Nguyễn Văn Trung 
245 # # |a Lược khảo văn học :  |b Nghiên cứu và phê bình văn học .  |n t. III /  |c Nguyễn Văn Trung 
260 # # |a Sàigòn :  |b Nam Sơn ,  |c 1968 
300 # # |a 357 tr.;   |c 20.5 cm. 
992 # # |a 357 
994 # # |a DLU 
900 # # |a False 
911 # # |a Administrator 
925 # # |a G 
926 # # |a A 
927 # # |a SH 
980 # # |a Thư viện Trường Đại học Đà Lạt